000 00320nam a2200133 i 4500
001 bg
100 1 _aPILIKIEWICZ, Marek
245 0 _aNasilenie objawów nerwicowych... /
_cMarek Pilikiewicz.
260 _aWarszawa,
_c1978.
040 _cBPK
041 _apol
942 _cKS
008 s pl f |000 0 pol
999 _c9865
_d9865
856 _uhttp://koha.tu.koszalin.pl/cgi-bin/koha/opac-detail.pl?biblionumber=9865
_yKatalog online BPK